Missing Word: 90th Academy Awards Quiz Stats

 Plays Quiz Updated Mar 4, 2018

Challenge
Share
Tweet
Embed
Score 0/26 Timer 02:00
0 Plays Today
Nominated Film Blank % Correct
______ and the BeastBeauty
94.5%
Star Wars: The ___ JediLast
91.5%
Guardians of the ______ Vol. 2Galaxy
90.2%
Call Me By Your ____Name
88.6%
Three __________ Outside Ebbing, MissouriBillboards
86.9%
The _____ of WaterShape
85.3%
____ BirdLady
74.3%
___ DriverBaby
70.4%
___ OutGet
67%
Kong: _____ IslandSkull
65.9%
Blade Runner ____2049
55.8%
All the _____ in the WorldMoney
54.2%
I, _____Tonya
52.8%
Nominated Film Blank % Correct
Molly's ____Game
51%
_______ HourDarkest
50.1%
___ for the Planet of the ApesWar
49.5%
Phantom ______Thread
49.4%
________ & AbdulVictoria
41.6%
The Big ____Sick
39.7%
The ____ BabyBoss
38.9%
The ________ ArtistDisaster
37.7%
The _______ ProjectFlorida
27.3%
On ____ and SoulBody
27%
Roman J. ______, Esq.Israel
26.3%
Loving _______Vincent
15.1%
A Fantastic _____Woman
13.8%

Today's Daily Dose

Word Ladder
Holy Grail

Get the Picture
Four Daisys

You're not logged in!

Compare scores with friends on all Sporcle quizzes.
OR
Log In

You Might Also Like...

Show Comments

Extras

Top Quizzes Today


Score Distribution

Your Account Isn't Verified!

In order to create a playlist on Sporcle, you need to verify the email address you used during registration. Go to your Sporcle Settings to finish the process.

Report this User

Report this user for behavior that violates our Community Guidelines.

Details: